| 000 | 00360pab a2200145 454500 | ||
|---|---|---|---|
| 008 | 180718b1997 xxu||||| |||| 00| 0 eng d | ||
| 100 | _aRanade, Prabha Shastri | ||
| 245 | _aStructure and trends of organised sector employment in India | ||
| 260 | _c1997 | ||
| 300 | _ap.18-22 | ||
| 362 | _aOct | ||
| 650 | _aEmployment | ||
| 773 | _aYojana | ||
| 909 | _a35567 | ||
| 999 |
_c35567 _d35567 |
||